[Event "First Saturday IM Feb 2014"]
[Site "Budapest"]
[Date "2014.02.05"]
[Round "5.3"]
[White "Westerberg, Jonathan"]
[Black "To, Nhat Minh"]
[Result "1/2-1/2"]
[WhiteElo "2397"]
[BlackElo "2357"]
[PlyCount "98"]
[EventDate "2014.02.01"]

1. c4 e5 2. Nc3 Nf6 3. Nf3 Nc6 4. d4 exd4 5. Nxd4 Bb4 6. Bg5 h6 7. Bh4 O-O 8.
Rc1 g5 9. Bg3 Ne4 10. Nxc6 bxc6 11. Qc2 f5 12. e3 d6 13. Be2 Qf6 14. O-O Nxc3
15. bxc3 Bc5 16. Rce1 Kg7 17. h3 Bd7 18. Bh5 g4 19. hxg4 fxg4 20. Bh4 Qf5 21.
Qxf5 Bxf5 22. Kh2 Bd3 23. Rh1 Bxc4 24. a4 Be6 25. Kg3 Kh7 26. Bg5 hxg5 27.
Bxg4+ Kg6 28. Bxe6 d5 29. f3 Rab8 30. Re2 Rf6 31. Bd7 Rd6 32. Bg4 Rb3 33. e4
dxe4 34. Rxe4 Rxc3 35. Rh8 Rd1 36. Rg8+ Kf7 37. Be6+ Kf6 38. Bh3 Rd4 39. Rxd4
Bxd4 40. Kg4 Be3 41. Kh5 c5 42. Re8 Bf4 43. Re6+ Kf7 44. Ra6 Rc1 45. Rxa7 c4
46. Ra6 c3 47. Rc6 Ra1 48. Rxc3 Rxa4 49. g3 Bxg3 1/2-1/2

[Event "First Saturday IM Feb 2014"]
[Site "Budapest"]
[Date "2014.02.05"]
[Round "5.4"]
[White "Szeberenyi, Adam"]
[Black "Tavoularis, Nicholas"]
[Result "0-1"]
[WhiteElo "2312"]
[BlackElo "2167"]
[PlyCount "88"]
[EventDate "2014.02.01"]

1. d4 d5 2. c4 c6 3. Nc3 Nf6 4. e3 e6 5. Nf3 Nbd7 6. Qc2 b6 7. b3 Bb7 8. Bb2
Be7 9. Bd3 O-O 10. O-O Rc8 11. Qe2 c5 12. Rad1 Qc7 13. Ne5 dxc4 14. Bxc4 Rcd8
15. f4 Ne4 16. Nb5 Qb8 17. dxc5 Ndxc5 18. b4 Rxd1 19. Rxd1 a6 20. bxc5 axb5 21.
Nd7 Qc8 22. Bxb5 Rd8 23. cxb6 Nc3 24. Bxc3 Qxc3 25. a4 Qa3 26. Qd3 Qb2 27. Qd2
Qb3 28. Rc1 Bb4 29. Nf6+ gxf6 30. Qxd8+ Kg7 31. Qd3 Qb2 32. Qc2 Qa3 33. Kf2 Bd5
34. b7 Bxb7 35. Rb1 Ba5 36. Rb3 Qd6 37. Qd3 Qc5 38. Qc4 Qh5 39. Bc6 Bxc6 40.
Qxc6 Qd1 41. Qb5 Be1+ 42. Kg1 Bg3+ 43. Qf1 Bxh2+ 44. Kf2 Bg3+ 0-1

[Event "First Saturday IM Feb 2014"]
[Site "Budapest"]
[Date "2014.02.05"]
[Round "5.5"]
[White "Sliwicki, Damian"]
[Black "Szalanczy, Emil"]
[Result "0-1"]
[WhiteElo "2095"]
[BlackElo "2216"]
[PlyCount "38"]
[EventDate "2014.02.01"]

1. e4 c5 2. Nf3 d6 3. d4 cxd4 4. Nxd4 Nf6 5. Nc3 Nc6 6. Bb5 Bd7 7. Bxc6 Bxc6 8.
Bg5 Qb6 9. Qd3 Nd7 10. O-O Nc5 11. Qe2 Qa6 12. Qe3 f6 13. Bh4 e5 14. Nf3 Qb6
15. b3 Be7 16. Rfe1 Ne6 17. Rad1 Qb4 18. Nd2 O-O 19. Nc4 Rfd8 0-1

[Event "First Saturday IM Feb 2014"]
[Site "Budapest"]
[Date "2014.02.07"]
[Round "6.1"]
[White "Lyell, Mark"]
[Black "Szalanczy, Emil"]
[Result "0-1"]
[WhiteElo "2186"]
[BlackElo "2216"]
[PlyCount "162"]
[EventDate "2014.02.01"]

1. e4 c5 2. Nc3 d6 3. f4 Nc6 4. Nf3 g6 5. Bc4 Bg7 6. O-O Nh6 7. d3 Na5 8. Bb3
Nxb3 9. axb3 f5 10. e5 O-O 11. Bd2 b6 12. Qe1 d5 13. d4 a5 14. Qh4 Ba6 15. Rfd1
Rc8 16. Qe1 Bb7 17. Na4 c4 18. b4 axb4 19. Bxb4 Nf7 20. Nc3 Re8 21. Ra7 Bc6 22.
Rda1 Rc7 23. Ne2 Qb8 24. R7a3 e6 25. Ng5 h6 26. Nxf7 Rxf7 27. Qh4 Qd8 28. Qxd8
Rxd8 29. h4 Bf8 30. Bxf8 Rfxf8 31. Ra7 Ra8 32. Kf2 Rxa7 33. Rxa7 Rf7 34. Ra6
Rb7 35. Nc3 Kg7 36. Na2 g5 37. hxg5 hxg5 38. Nc3 Kg6 39. Ne2 Be8 40. Ra3 g4 41.
Ra8 Kf7 42. Ng3 Ke7 43. Ke3 b5 44. Kd2 b4 45. Kc1 Kd7 46. Kd2 Ke7 47. Ke3 Kd7
48. Kf2 Ke7 49. Ne2 Kf7 50. Kg3 Bb5 51. Kf2 Be8 52. Ng3 Ke7 53. Nf1 Bb5 54. Ne3
Kf7 55. Kg3 Kg6 56. Rg8+ Kf7 57. Rd8 Kg6 58. Ra8 Kf7 59. Kh4 Kg6 60. Rg8+ Kf7
61. Rh8 Kg7 62. Rd8 Kg6 63. Ra8 b3 64. cxb3 cxb3 65. Rg8+ Kf7 66. Rh8 Kg6 67.
Rg8+ Kf7 68. Rh8 Kg7 69. Rc8 Bd7 70. Ra8 Kf7 71. Nd1 Rb4 72. Ra7 Ke8 73. Kg5
Rxd4 74. Nc3 Kd8 75. Rb7 Rd3 76. Rxb3 d4 77. Rb8+ Kc7 78. Rb3 dxc3 79. Rxc3+
Rxc3 80. bxc3 Bb5 81. Kf6 Bc4 0-1

[Event "First Saturday IM Feb 2014"]
[Site "Budapest"]
[Date "2014.02.07"]
[Round "6.2"]
[White "Tavoularis, Nicholas"]
[Black "Sliwicki, Damian"]
[Result "0-1"]
[WhiteElo "2167"]
[BlackElo "2095"]
[PlyCount "52"]
[EventDate "2014.02.01"]

1. d4 Nf6 2. Nf3 g6 3. Bg5 Bg7 4. Nbd2 d5 5. e3 Ne4 6. Nxe4 dxe4 7. Nd2 c5 8.
c3 cxd4 9. cxd4 Qa5 10. Bf4 Nc6 11. Be2 O-O 12. O-O Qf5 13. Qc2 Nxd4 14. exd4
Qxf4 15. Nxe4 Bf5 16. Bf3 Bxd4 17. Rad1 Be5 18. Rfe1 Qxh2+ 19. Kf1 Rac8 20. Qb1
Rfd8 21. g3 Bxg3 22. Rxd8+ Rxd8 23. Rd1 Rxd1+ 24. Qxd1 Bxe4 25. Qd8+ Kg7 26.
Qd4+ e5 0-1

[Event "First Saturday IM Feb 2014"]
[Site "Budapest"]
[Date "2014.02.07"]
[Round "6.3"]
[White "To, Nhat Minh"]
[Black "Szeberenyi, Adam"]
[Result "1/2-1/2"]
[WhiteElo "2357"]
[BlackElo "2312"]
[PlyCount "29"]
[EventDate "2014.02.01"]

1. c4 c5 2. Nc3 Nc6 3. Nf3 Nf6 4. g3 g6 5. Bg2 Bg7 6. O-O O-O 7. d3 d6 8. Bd2
Bd7 9. Qc1 a6 10. Bh6 Rb8 11. Bxg7 Kxg7 12. Rb1 b5 13. b3 bxc4 14. bxc4 Rxb1
15. Qxb1 1/2-1/2

[Event "First Saturday IM Feb 2014"]
[Site "Budapest"]
[Date "2014.02.07"]
[Round "6.4"]
[White "Nguyen, Thi Mai Hung"]
[Black "Westerberg, Jonathan"]
[Result "0-1"]
[WhiteElo "2276"]
[BlackElo "2397"]
[PlyCount "118"]
[EventDate "2014.02.01"]

1. d4 g6 2. Bf4 Bg7 3. e3 d6 4. Nf3 Nd7 5. h3 e5 6. Bh2 Nh6 7. c3 O-O 8. Nbd2
f5 9. dxe5 dxe5 10. e4 f4 11. Qc2 Qe7 12. g3 Kh8 13. O-O-O a6 14. Be2 b5 15.
Kb1 Bb7 16. Rhg1 Nc5 17. Ne1 Rad8 18. h4 Rd7 19. f3 fxg3 20. Bxg3 Ng8 21. h5
gxh5 22. Ng2 Bf6 23. Rh1 Qg7 24. Nf1 Rxd1+ 25. Bxd1 Bg5 26. Nh4 Nh6 27. Bf2
Nxe4 28. Be3 Bxe3 29. Nxe3 Qg5 30. Nf1 Nd6 31. Qh2 e4 32. Nd2 Qf4 33. Kc1 e3
34. Qxf4 Rxf4 35. Nf1 Nhf5 36. Ng2 Bxf3 37. Nxf4 Bxh1 38. Bxh5 Kg7 39. Ne6+ Kh6
40. Be2 c6 41. b3 Kg6 42. Kc2 Be4+ 43. Kd1 a5 44. Nc5 Bg2 45. Bd3 Kg5 46. Ke2
Kf4 47. Nxe3 Nxe3 48. Bxh7 Nd5 49. Kd2 Nf6 50. Bd3 Nfe4+ 51. Nxe4 Nxe4+ 52. Kc2
Nf2 53. Be2 Ke3 54. Bh5 Be4+ 55. Kb2 Kd2 56. c4 b4 57. Ka1 Kc1 58. a3 Nd3 59.
axb4 axb4 0-1

[Event "First Saturday IM Feb 2014"]
[Site "Budapest"]
[Date "2014.02.07"]
[Round "6.5"]
[White "Bagi, Mate"]
[Black "Horvath, David"]
[Result "1/2-1/2"]
[WhiteElo "2385"]
[BlackElo "2339"]
[PlyCount "68"]
[EventDate "2014.02.01"]

1. e4 e6 2. d4 d5 3. e5 c5 4. c3 Nc6 5. Nf3 Nh6 6. Bd3 cxd4 7. Bxh6 gxh6 8.
cxd4 Bg7 9. O-O O-O 10. Nbd2 f6 11. Re1 fxe5 12. dxe5 Bd7 13. Nb3 Be8 14. Nfd4
Qe7 15. Qg4 Bf7 16. Nxc6 bxc6 17. Rac1 Rac8 18. Nc5 Kh8 19. b4 h5 20. Qd4 Bh6
21. Rc2 Bg6 22. Bxg6 hxg6 23. Nd3 Qb7 24. a4 Rf7 25. h3 Qb6 26. Qxb6 axb6 27.
a5 bxa5 28. bxa5 Ra7 29. Ra1 Kg8 30. Nc5 Kf7 31. Ra3 Bg7 32. f4 Bf8 33. a6 Rb8
34. Rac3 Bxc5+ 1/2-1/2

[Event "First Saturday IM Feb 2014"]
[Site "Budapest"]
[Date "2014.02.08"]
[Round "7.1"]
[White "Horvath, David"]
[Black "Lyell, Mark"]
[Result "1/2-1/2"]
[WhiteElo "2339"]
[BlackElo "2186"]
[PlyCount "61"]
[EventDate "2014.02.01"]

1. Nf3 f5 2. g3 Nf6 3. Bg2 e6 4. O-O Be7 5. c4 O-O 6. Nc3 d6 7. d4 Ne4 8. Qd3
Nxc3 9. bxc3 Nc6 10. Ba3 Qe8 11. e4 e5 12. c5 Qf7 13. cxd6 cxd6 14. Bb2 fxe4
15. Qxe4 d5 16. Qe3 e4 17. Nd2 Bg4 18. f3 exf3 19. Nxf3 Qh5 20. Rae1 Bh3 21.
Bxh3 Qxh3 22. Ne5 Rxf1+ 23. Rxf1 Rf8 24. Rxf8+ Bxf8 25. Nxc6 bxc6 26. Qc1 g6
27. Ba3 Qh6 28. Qxh6 Bxh6 29. Kf2 Kf7 30. Bc5 a6 31. Kf3 1/2-1/2

[Event "First Saturday IM Feb 2014"]
[Site "Budapest"]
[Date "2014.02.08"]
[Round "7.2"]
[White "Westerberg, Jonathan"]
[Black "Bagi, Mate"]
[Result "1/2-1/2"]
[WhiteElo "2397"]
[BlackElo "2385"]
[PlyCount "97"]
[EventDate "2014.02.01"]

1. e4 e5 2. Bc4 Nf6 3. d3 Nc6 4. Nc3 Na5 5. Nge2 Be7 6. a4 Nxc4 7. dxc4 O-O 8.
O-O d6 9. Ng3 c6 10. b3 Be6 11. Ba3 Qc7 12. Qd3 Rad8 13. Rad1 g6 14. Qe3 Ng4
15. Qe2 f5 16. exf5 gxf5 17. h3 Nf6 18. Rfe1 f4 19. Nge4 Nxe4 20. Nxe4 c5 21.
Bb2 Rf7 22. Qh5 Bf5 23. Rd2 Qc6 24. Rd5 Rdf8 25. Qh6 Bg6 26. Nxc5 dxc5 27.
Rdxe5 Bf6 28. Re6 Bxb2 29. Rxc6 bxc6 30. Qg5 Bd4 31. Qg4 Rf5 32. Qf3 Re8 33.
Rxe8+ Bxe8 34. c3 Bg7 35. g4 Rf8 36. b4 cxb4 37. cxb4 Bg6 38. h4 Re8 39. Kf1 h6
40. h5 Bf7 41. Qxf4 Rd8 42. b5 cxb5 43. cxb5 Rd1+ 44. Ke2 Ra1 45. Qb8+ Kh7 46.
Qc7 Ra2+ 47. Kd3 Ra3+ 48. Kc2 Ra2+ 49. Kd3 1/2-1/2

[Event "First Saturday IM Feb 2014"]
[Site "Budapest"]
[Date "2014.02.08"]
[Round "7.3"]
[White "Szeberenyi, Adam"]
[Black "Nguyen, Thi Mai Hung"]
[Result "0-1"]
[WhiteElo "2312"]
[BlackElo "2276"]
[PlyCount "98"]
[EventDate "2014.02.01"]

1. d4 d5 2. c4 c6 3. Nf3 Nf6 4. e3 Bf5 5. Nc3 e6 6. Bd3 Bxd3 7. Qxd3 Nbd7 8.
O-O Be7 9. Rd1 O-O 10. e4 dxe4 11. Nxe4 c5 12. Bf4 cxd4 13. Qxd4 Nxe4 14. Qxe4
Nc5 15. Qc2 Qb6 16. Be3 Rfd8 17. b3 h6 18. g3 Qc7 19. Bf4 Qc6 20. Nd4 Qe4 21.
Qxe4 Nxe4 22. Bc7 Rd7 23. Nb5 Rxd1+ 24. Rxd1 Bc5 25. Kg2 a6 26. Nd4 Rc8 27. Ba5
b6 28. b4 bxa5 29. bxc5 Rxc5 30. Re1 Nd6 31. Rd1 Nxc4 32. Nb3 Rc8 33. Rd7 a4
34. Nd4 a3 35. Ra7 Rd8 36. Nc6 Rd2 37. Rxa6 Rxa2 38. Ra4 Ne3+ 39. Kf3 Nd1 40.
Kg2 Rxf2+ 41. Kg1 Ra2 42. Nb4 Ra1 43. Ra8+ Kh7 44. Nc2 Rc1 45. Nxa3 Ra1 46. Ra5
Ne3+ 47. Kf2 Ng4+ 48. Kg2 Ra2+ 49. Kh3 f5 0-1

[Event "First Saturday IM Feb 2014"]
[Site "Budapest"]
[Date "2014.02.08"]
[Round "7.4"]
[White "Sliwicki, Damian"]
[Black "To, Nhat Minh"]
[Result "1/2-1/2"]
[WhiteElo "2095"]
[BlackElo "2357"]
[PlyCount "120"]
[EventDate "2014.02.01"]

1. e4 e5 2. Nf3 Nc6 3. d4 exd4 4. Nxd4 Nf6 5. Nc3 Bb4 6. Nxc6 bxc6 7. Bd3 d5 8.
exd5 cxd5 9. O-O O-O 10. Bg5 c6 11. Qf3 h6 12. Bxf6 Qxf6 13. Qxf6 gxf6 14. Ne2
Rb8 15. b3 Re8 16. h3 Bd7 17. Rad1 Re5 18. c4 a5 19. cxd5 cxd5 20. Nf4 a4 21.
a3 Bxa3 22. bxa4 Rb4 23. g3 Bxa4 24. Ra1 Bb2 25. Ra2 Bc3 26. Bc2 Bb5 27. Ra8+
Kg7 28. Rd1 d4 29. g4 Re8 30. Rxe8 Bxe8 31. Bf5 Ba4 32. Rc1 Rb6 33. Nd5 Rc6 34.
Bd7 Rd6 35. Bxa4 Rxd5 36. Bc6 Re5 37. Bd7 h5 38. Bf5 Kh6 39. Kg2 Ra5 40. Rd1
Ra2 41. Rd3 h4 42. Rf3 Kg7 43. Bd3 Bd2 44. Bf5 Rb2 45. Be4 Bg5 46. Bf5 Kf8 47.
Be4 Ke7 48. Bd5 Rc2 49. Kf1 Rc5 50. Bb3 Rc3 51. Ke2 Rc1 52. Kd3 Rc3+ 53. Ke4
Rxf3 54. Kxf3 d3 55. Ke4 d2 56. f4 Bh6 57. Ke3 Kd6 58. Kxd2 Bxf4+ 59. Ke2 Ke7
60. Kf3 Bg5 1/2-1/2

[Event "First Saturday IM Feb 2014"]
[Site "Budapest"]
[Date "2014.02.08"]
[Round "7.5"]
[White "Szalanczy, Emil"]
[Black "Tavoularis, Nicholas"]
[Result "1-0"]
[WhiteElo "2216"]
[BlackElo "2167"]
[PlyCount "105"]
[EventDate "2014.02.01"]

1. e4 Nf6 2. e5 Nd5 3. d4 d6 4. Nf3 dxe5 5. Nxe5 g6 6. Bc4 c6 7. O-O Bg7 8. Nd2
Nd7 9. Nef3 O-O 10. Bb3 a5 11. c3 N7b6 12. a4 Bf5 13. Re1 Qc7 14. Ne4 Rad8 15.
Bg5 h6 16. Bh4 Nf4 17. Nc5 Rfe8 18. Ne5 Nbd5 19. Qf3 Bxe5 20. Rxe5 b6 21. Ne4
f6 22. Nxf6+ exf6 23. Bxf6 Qf7 24. Bxd8 Rxd8 25. c4 Nd3 26. cxd5 Nxe5 27. dxe5
cxd5 28. Rd1 Be6 29. Qxf7+ Bxf7 30. f4 Rc8 31. Kf2 Rc5 32. g4 Be6 33. Kg3 Kf7
34. h3 Ke7 35. h4 b5 36. h5 gxh5 37. f5 bxa4 38. Ba2 hxg4 39. Kxg4 Bf7 40. Rd4
Rb5 41. Rxa4 Be8 42. Rd4 Bf7 43. Kf4 Rxb2 44. f6+ Ke8 45. Bxd5 Rb4 46. Rxb4
axb4 47. e6 Bg6 48. Ke5 h5 49. Kd6 Bf7 50. Ke5 h4 51. Kf4 Bg6 52. Kg4 Bc2 53.
Bc6+ 1-0

[Event "First Saturday IM Feb 2014"]
[Site "Budapest"]
[Date "2014.02.09"]
[Round "8.1"]
[White "Lyell, Mark"]
[Black "Tavoularis, Nicholas"]
[Result "1-0"]
[WhiteElo "2186"]
[BlackElo "2167"]
[PlyCount "127"]
[EventDate "2014.02.01"]

1. e4 c5 2. c3 g6 3. Nf3 Nc6 4. d4 Bg7 5. d5 Nb8 6. Be3 d6 7. h3 Nf6 8. Nbd2
O-O 9. a4 b6 10. a5 bxa5 11. Qa4 Ba6 12. Bxa6 Nxa6 13. Qxa5 Qxa5 14. Rxa5 Nc7
15. Kd1 Nd7 16. Bg5 Rfe8 17. Kc2 Kf8 18. Rha1 a6 19. Nc4 Reb8 20. Nfd2 Rb7 21.
f4 Rab8 22. R5a2 f6 23. Bh4 f5 24. Na5 Rb6 25. Ndc4 fxe4 26. Nxb6 Rxb6 27. Nc4
Rb7 28. Rd1 Bf6 29. Bf2 Kf7 30. Ra4 g5 31. fxg5 Bxg5 32. Be3 h6 33. Bxg5 hxg5
34. Ne3 Nf6 35. c4 e6 36. dxe6+ Kxe6 37. Rf1 Rb8 38. Raa1 Rg8 39. Rad1 Rg6 40.
Ng4 Nxg4 41. hxg4 d5 42. Rf5 Kd6 43. cxd5 Nb5 44. Ra1 Nd4+ 45. Kc3 Kd7 46. Re5
Rb6 47. Rxe4 Rb3+ 48. Kc4 Rxb2 49. Rxa6 Rc2+ 50. Kd3 Rxg2 51. Rg6 Rg1 52. Rxg5
Kd6 53. Rf4 Rd1+ 54. Ke3 Re1+ 55. Kd2 Re5 56. Rxe5 Kxe5 57. Rf1 Kxd5 58. g5 Ne6
59. g6 Kd6 60. Rf7 Ng5 61. Ra7 Ne4+ 62. Kc2 Nf6 63. g7 Ke6 64. Ra6+ 1-0

[Event "First Saturday IM Feb 2014"]
[Site "Budapest"]
[Date "2014.02.09"]
[Round "8.2"]
[White "To, Nhat Minh"]
[Black "Szalanczy, Emil"]
[Result "1/2-1/2"]
[WhiteElo "2357"]
[BlackElo "2216"]
[PlyCount "25"]
[EventDate "2014.02.01"]

1. Nc3 c5 2. e4 d6 3. Nge2 g6 4. d4 cxd4 5. Nxd4 Bg7 6. Be3 Nf6 7. f3 Nc6 8.
Bc4 Qb6 9. Ncb5 Qa5+ 10. Bd2 Qb6 11. Be3 Qa5+ 12. Bd2 Qb6 13. Be3 1/2-1/2

[Event "First Saturday IM Feb 2014"]
[Site "Budapest"]
[Date "2014.02.09"]
[Round "8.3"]
[White "Nguyen, Thi Mai Hung"]
[Black "Sliwicki, Damian"]
[Result "1-0"]
[WhiteElo "2276"]
[BlackElo "2095"]
[PlyCount "65"]
[EventDate "2014.02.01"]

1. d4 d5 2. Nf3 Nf6 3. e3 e6 4. Bd3 c5 5. b3 Nc6 6. Bb2 Qc7 7. a3 cxd4 8. exd4
Bd6 9. O-O Ne4 10. c4 O-O 11. Nc3 Nxc3 12. Bxc3 Qe7 13. Bb2 Qf6 14. Qe2 Bd7 15.
Ne5 Rfd8 16. f4 Rac8 17. Rf3 g6 18. Raf1 Be8 19. cxd5 exd5 20. f5 Qh4 21. Rh3
Qg5 22. Kh1 Bxe5 23. dxe5 d4 24. e6 Rd5 25. Rg3 Qe7 26. exf7+ Bxf7 27. fxg6
hxg6 28. Qg4 Kg7 29. Qxc8 Rd7 30. Bc1 Qd6 31. Bh6+ Kh7 32. Rh3 Be6 33. Bg7+ 1-0

[Event "First Saturday IM Feb 2014"]
[Site "Budapest"]
[Date "2014.02.09"]
[Round "8.4"]
[White "Bagi, Mate"]
[Black "Szeberenyi, Adam"]
[Result "1/2-1/2"]
[WhiteElo "2385"]
[BlackElo "2312"]
[PlyCount "36"]
[EventDate "2014.02.01"]

1. d4 d5 2. c4 e6 3. Nc3 Be7 4. Nf3 Nf6 5. Bg5 h6 6. Bh4 O-O 7. e3 Ne4 8. Bxe7
Qxe7 9. Qc2 Nxc3 10. Qxc3 c6 11. Be2 Nd7 12. O-O a6 13. cxd5 exd5 14. a3 Nf6
15. Ne5 Nd7 16. Nf3 Nf6 17. Ne5 Nd7 18. Nf3 Nf6 1/2-1/2

[Event "First Saturday IM Feb 2014"]
[Site "Budapest"]
[Date "2014.02.09"]
[Round "8.5"]
[White "Horvath, David"]
[Black "Westerberg, Jonathan"]
[Result "1/2-1/2"]
[WhiteElo "2339"]
[BlackElo "2397"]
[PlyCount "29"]
[EventDate "2014.02.01"]

1. Nf3 f5 2. d4 Nf6 3. g3 g6 4. Bg2 Bg7 5. O-O O-O 6. b3 d6 7. Bb2 c6 8. Nbd2
a5 9. a4 Na6 10. e3 Qc7 11. Qe2 Ne4 12. Nxe4 fxe4 13. Nd2 d5 14. f3 exf3 15.
Nxf3 1/2-1/2

[Event "First Saturday IM Feb 2014"]
[Site "Budapest"]
[Date "2014.02.10"]
[Round "9.1"]
[White "Westerberg, Jonathan"]
[Black "Lyell, Mark"]
[Result "1-0"]
[WhiteElo "2397"]
[BlackElo "2186"]
[PlyCount "121"]
[EventDate "2014.02.01"]

1. d4 f5 2. g3 Nf6 3. Bg2 e6 4. Nf3 Be7 5. O-O O-O 6. c4 d6 7. Nc3 Ne4 8. Nxe4
fxe4 9. Ne1 d5 10. Be3 Nd7 11. f3 dxc4 12. fxe4 Rxf1+ 13. Kxf1 e5 14. Qc2 Nb6
15. d5 Bd7 16. Nf3 Qf8 17. Kg1 Bc5 18. Qd2 Qd6 19. Bxc5 Qxc5+ 20. e3 Re8 21.
Rf1 a5 22. Ng5 h6 23. Nf3 a4 24. a3 c3 25. Qxc3 Qxc3 26. bxc3 Nc4 27. Ra1 Nxe3
28. Kf2 Nc4 29. Bf1 Nd6 30. Ke3 b6 31. Rb1 Kf7 32. Bd3 Bg4 33. Nd2 Ra8 34. Rb4
Ke7 35. Bb5 Ra5 36. Bc6 Bd1 37. Kd3 Kf6 38. Rb1 Bg4 39. Rb4 Bd1 40. c4 Ke7 41.
Kc3 Bb3 42. Kd3 Bd1 43. Nb1 Bb3 44. Nd2 Bd1 45. h3 Nf7 46. Nb1 Ng5 47. Nc3 Bf3
48. h4 Nh7 49. Rxa4 Nf6 50. Rxa5 bxa5 51. c5 Bh1 52. Ba4 g5 53. hxg5 hxg5 54.
Bd1 Bg2 55. Ke3 Nd7 56. c6 Nc5 57. Bg4 Bf1 58. Bf5 Nb3 59. Kf3 Nd4+ 60. Kg4 Kf6
61. d6 1-0

[Event "First Saturday IM Feb 2014"]
[Site "Budapest"]
[Date "2014.02.10"]
[Round "9.2"]
[White "Szeberenyi, Adam"]
[Black "Horvath, David"]
[Result "1/2-1/2"]
[WhiteElo "2312"]
[BlackElo "2339"]
[PlyCount "90"]
[EventDate "2014.02.01"]

1. d4 d5 2. c4 e6 3. Nc3 c6 4. e3 f5 5. Qc2 Nf6 6. Bd3 Ne4 7. Nge2 Bd6 8. O-O
Qc7 9. g3 O-O 10. f3 Nxc3 11. Nxc3 Kh8 12. cxd5 cxd5 13. Nb5 Qd8 14. Bd2 Nc6
15. Nxd6 Qxd6 16. Rac1 Bd7 17. Qc5 Qxc5 18. Rxc5 Kg8 19. b4 a6 20. a4 Na7 21.
Ra1 Rfd8 22. Kf2 Nc8 23. Rcc1 Nd6 24. h3 Rdc8 25. Rxc8+ Rxc8 26. Ke2 Nc4 27.
Ra2 Kf7 28. g4 Kf6 29. Be1 g5 30. Bg3 Kg6 31. h4 h6 32. hxg5 hxg5 33. f4 gxf4
34. Bxf4 Kf6 35. gxf5 exf5 36. Kf3 Rg8 37. a5 Rg6 38. Rh2 Bb5 39. Bxc4 dxc4 40.
d5 Rg7 41. Rh6+ Ke7 42. Be5 Rf7 43. Kf4 Ba4 44. Bd4 Kd7 45. Kf3 Bc2 1/2-1/2

[Event "First Saturday IM Feb 2014"]
[Site "Budapest"]
[Date "2014.02.10"]
[Round "9.3"]
[White "Sliwicki, Damian"]
[Black "Bagi, Mate"]
[Result "0-1"]
[WhiteElo "2095"]
[BlackElo "2385"]
[PlyCount "144"]
[EventDate "2014.02.01"]

1. e4 e5 2. Nf3 Nc6 3. Bc4 Nf6 4. d4 exd4 5. O-O Nxe4 6. Re1 d5 7. Bxd5 Qxd5 8.
Nc3 Qa5 9. Nxe4 Be6 10. Neg5 O-O-O 11. Nxe6 fxe6 12. Rxe6 Be7 13. Qe2 Bf6 14.
Bd2 Qf5 15. Qe4 Qxe4 16. Rxe4 Rd5 17. g4 h6 18. h4 Rf8 19. Kg2 Bd8 20. Rd1 h5
21. Be3 hxg4 22. Nxd4 Bxh4 23. Rh1 Nxd4 24. Bxd4 Bxf2 25. Bxf2 Rd2 26. Rf1 Rxc2
27. Rb4 a5 28. Rb5 b6 29. Rb3 Kb7 30. Kg1 c5 31. a3 Ka6 32. Bg3 Rxf1+ 33. Kxf1
a4 34. Re3 Rxb2 35. Re4 Kb5 36. Rxg4 Rb3 37. Rg6 Rxa3 38. Bc7 Rf3+ 39. Ke2 Rf6
40. Rxg7 Kb4 41. Kd2 b5 42. Rg5 a3 43. Kc2 Kc4 44. Rg4+ Kd5 45. Kb3 Rf3+ 46.
Ka2 b4 47. Rg5+ Kc6 48. Bb8 Rf2+ 49. Ka1 Rf1+ 50. Ka2 Kb5 51. Ba7 Ka4 52. Rg4
Rc1 53. Bxc5 Rc2+ 54. Ka1 Rxc5 55. Ka2 Re5 56. Rh4 Rd5 57. Rg4 Rd2+ 58. Kb1 Kb3
59. Rg1 Kc3 60. Rc1+ Kd3 61. Rc8 b3 62. Rd8+ Ke3 63. Re8+ Kf4 64. Rf8+ Ke5 65.
Re8+ Kf6 66. Rf8+ Ke7 67. Rf1 Re2 68. Rd1 Ke6 69. Ka1 Ke5 70. Kb1 Kf4 71. Rh1
Kg3 72. Rg1+ Kf2 0-1

[Event "First Saturday IM Feb 2014"]
[Site "Budapest"]
[Date "2014.02.10"]
[Round "9.4"]
[White "Szalanczy, Emil"]
[Black "Nguyen, Thi Mai Hung"]
[Result "1-0"]
[WhiteElo "2216"]
[BlackElo "2276"]
[PlyCount "107"]
[EventDate "2014.02.01"]

1. e4 e6 2. d4 d5 3. Nc3 Nf6 4. e5 Nfd7 5. f4 c5 6. Nf3 Nc6 7. Be3 cxd4 8. Nxd4
Bc5 9. Qd2 a6 10. h4 O-O 11. O-O-O Nxd4 12. Bxd4 b5 13. h5 b4 14. Na4 Bxd4 15.
Qxd4 a5 16. Kb1 Qc7 17. Bb5 Rb8 18. Bd3 Bb7 19. b3 Bc6 20. Nc5 Nxc5 21. Qxc5
Rfc8 22. h6 g6 23. g4 a4 24. Rh2 Qd8 25. Qd4 Bb5 26. f5 Qe7 27. fxe6 fxe6 28.
Rf2 Bxd3 29. Rxd3 Rc7 30. Rdf3 axb3 31. axb3 Ra7 32. Rf6 Rba8 33. Kc1 Ra1+ 34.
Kd2 R1a2 35. Kd3 Rc8 36. Qb6 Raa8 37. Qxe6+ Qxe6 38. Rxe6 Rc3+ 39. Kd4 Rg3 40.
Re7 Rxg4+ 41. Kxd5 Rh4 42. Rg7+ Kh8 43. Rd7 Rxh6 44. e6 Rh5+ 45. Kd6 Rha5 46.
Rff7 R8a6+ 47. Ke7 Ra8 48. Rf4 Rc5 49. Rc4 Rac8 50. Rxc5 Rxc5 51. Rd8+ Kg7 52.
Kd6 Rxc2 53. e7 Rd2+ 54. Kc5 1-0

[Event "First Saturday IM Feb 2014"]
[Site "Budapest"]
[Date "2014.02.10"]
[Round "9.5"]
[White "Tavoularis, Nicholas"]
[Black "To, Nhat Minh"]
[Result "0-1"]
[WhiteElo "2167"]
[BlackElo "2357"]
[PlyCount "116"]
[EventDate "2014.02.01"]

1. f4 d5 2. Nf3 g6 3. g3 Bg7 4. Bg2 Nh6 5. d3 d4 6. c3 c5 7. O-O O-O 8. Na3
dxc3 9. Qb3 Qb6 10. Nc4 Qxb3 11. axb3 Nc6 12. bxc3 Bxc3 13. Ra2 Be6 14. Nfe5
Nb4 15. Ra5 f6 16. Nf3 b6 17. Ra3 b5 18. Ne3 Nd5 19. Ra6 Nb6 20. Bd2 b4 21. Rc1
Bxd2 22. Nxd2 Rac8 23. Rxa7 Kf7 24. Rb7 Nd7 25. Ra1 Rb8 26. Rba7 Nf5 27. Nxf5
gxf5 28. Kf2 Nb6 29. R1a5 Rfc8 30. R5a6 Rd8 31. Bf3 Bd5 32. Bxd5+ Nxd5 33. Nc4
Ke8 34. Kf3 Nc3 35. Rc6 Nb5 36. Rcc7 Nxa7 37. Rxa7 Ra8 38. Rb7 Rdb8 39. Rc7 Rc8
40. Rb7 Rab8 41. Ra7 Kd8 42. Ra5 Ra8 43. Rb5 Ra1 44. h4 Rb1 45. Na5 Ke8 46. Ke3
Kf7 47. Rb7 Ra1 48. Nc4 Rc6 49. Kf3 Rf1+ 50. Kg2 Rb1 51. d4 cxd4 52. Rxb4 Re6
53. Kf2 Rh1 54. e3 d3 55. Rb5 d2 56. Nxd2 Rh2+ 57. Ke1 Rxe3+ 58. Kd1 Rd3 0-1